000 00447nam a22001577a 4500
005 20240823065716.0
008 240823b |||||||| |||| 00| 0 eng d
041 _aEnglish
082 _a349 NAM
100 _lEnglish
245 _aThe Namibian Labour Law Publication
260 _aWindhoek:
_bSDU Seminars CC,
_c1993
300 _bxv, 235 pages;
_c25 cm.
650 _aLegal practice
_bLaw
942 _cBK
_6ALISON_BN_VRIES
999 _c2819
_d2819